Open Data Biblioteca Nacional de Portugal


República Portuguesa: Ministério da Cultura
Biblioteca Nacional de Portugal

Catálogo da BNP: acesso por Identificadores Unívocos
Registos Bibliográficos associados ao registo de autoridade

Etiqueta de registo: 00254nam 2200025 450
001 2185904
003 http://id.bnportugal.gov.pt/bib/catbnp/2185904
010 ## $a978-989-581-165-6
021 ## $aPT$b535107/24
100 ## $a20240924d2024 m y0pory01030103ba
101 1# $apor$ceng
102 ## $aPT
105 ## $aaf z 000zd
106 ## $ar
200 1# $aLivre$ecomo me tornei adulta no fim da história$fLea Ypi$gtrad. Leonardo Ralha
205 ## $a1ª ed
210 #9 $aAlfragide$cCasa das Letras,$d2024
215 ## $a326 p. [8] p. il.$cil.$d24 cm
304 ## $aTít. orig.: Free - coming of age at the end of history
675 ## $a821.111-94"20"$vBN$zpor$31049829
700 #1 $aYpi,$bLea,$f1979-$31929084
702 #1 $aRalha,$bLeonardo,$f1972-$4730$31028182
801 #0 $aPT$bBN$gRPC
856 41 $uhttp://rnod.bnportugal.gov.pt/ImagesBN/winlibimg.aspx?skey=&doc=2185904&img=199598&save=true
900 ## $aBIBNAC$d20241107
966 ## $lBN$mFGMON$sL. 173474 V.$x1
966 ## $lBN$mFGMON$sL. 173474 V.-D$x1
971 ## $casantos$d20240924
972 ## $e0$z0$d20241107$viquintas
973 ## $cacosta$d20241011
974 ## $e0$d20241015$vrsimoes

Etiqueta de registo: 00254nam 2200025 450
001 2282890
003 http://id.bnportugal.gov.pt/bib/catbnp/2282890
010 ## $a978-989-581-747-4
021 ## $aPT$b560832/26
100 ## $a20260326d2026 m y0pory01030103ba
101 1# $apor$ceng
102 ## $aPT
105 ## $aa z 000ad
106 ## $ar
200 1# $aIndignidade$e uma vida reimaginada$fLea Ypi$gtrad. Sebastião Sousa
205 ## $a1ª ed
210 #9 $aAlfragide$cCasa das Letras,$d2026
215 ## $a362 p.$cil.$d24 cm
304 ## $aTít. orig.: Indignity
675 ## $a821.111-312.6"20"$vBN$zpor$31272170
675 ## $a929Ypi, Leman(0:82-31)$vBN$zpor$31996692
700 #1 $aYpi,$bLea,$f1979-$31929084
702 #1 $95$aSousa,$bSebastião$4730$31980549
801 #0 $aPT$bBN$gRPC
856 41 $uhttp://rnod.bnportugal.gov.pt/ImagesBN/winlibimg.aspx?skey=&doc=2282890&img=221636&save=true
900 ## $aBIBNAC$d20260430
966 ## $lBN$mFGMON$sL. 181485 V.$x1
966 ## $lBN$mFGMON$sL. 181485 V.-D$x1
971 ## $corlando$d20260326
972 ## $e0$z0$d20260430$vasantos
973 ## $caalmeid$d20260423

OpendataBNP@bnportugal.pt | Mais informação sobre acesso aos dados BNP